00587 2200193 4500001002100000005001700021008004100038020002200079035002400101082001000125090001700135100002900152245008700181260002700268300003400295504002600329650001800355990002000373YOGYA-0712000000021220120722212009.0 ind  a978-979-29-2547-0 0010-071200000000212 a495.6 a495.6bPra P aPRADANA ISTUTYANTO PUTRA aPraktis dan mandiri bahasa jepangcPradana Istutyanto Putra; editor westriningsih. aYogyakartabAndic2012 aXVIII, 172 hlm.bilus.c21 cm aBibliografi: hlm. 173 aBahasa Jepang aCB-D11 2012-331